Los mercados internacionales / (Record no. 120831)

MARC details
000 -LEADER
campo de control de longitud fija 00815nam a2200241 4500
001 - NÚMERO DE CONTROL
campo de control 120831
003 - IDENTIFICADOR DE NÚMERO DE CONTROL
campo de control ES-MaACL
005 - FECHA Y HORA DE LA ÚLTIMA TRANSACCIÓN
campo de control 20250902025419.0
007 - CAMPO FIJO DE DESCRIPCIÓN FÍSICA--INFORMACIÓN GENERAL
campo de control de longitud fija t|
008 - DATOS DE LONGITUD FIJA--INFORMACIÓN GENERAL
campo de control de longitud fija 070214s1962 sp r ||||1| spa d
080 ## - NÚMERO DE LA CLASIFICACIÓN DECIMAL UNIVERSAL
Número de la Clasificación Decimal Universal 382
100 1# - ENTRADA PRINCIPAL--NOMBRE DE PERSONA
Nombre de persona Pratt, Edward Ewing.
9 (RLIN) 93715
245 14 - MENCIÓN DEL TÍTULO
Título Los mercados internacionales /
Mención de responsabilidad, etc. por Edward Ewing Pratt ; traducción de Conrado Niell Sureda.
260 ## - PUBLICACIÓN, DISTRIBUCIÓN, ETC.
Lugar de publicación, distribución, etc. Barcelona :
Nombre del editor, distribuidor, etc. Hispano Europea,
Fecha de publicación, distribución, etc. 1962.
300 ## - DESCRIPCIÓN FÍSICA
Extensión XXVII, 818 p. :
Otras características físicas il. ;
Dimensiones 24 cm.
490 1# - MENCIÓN DE SERIE
Mención de serie Galileo: biblioteca de la dirección de empresas
650 #7 - PUNTO DE ACCESO ADICIONAL DE MATERIA--TÉRMINO DE MATERIA
Término de materia o nombre geográfico como elemento de entrada Comercio exterior
Fuente del encabezamiento o término embne
9 (RLIN) 11168
700 1# - ENTRADA AGREGADA--NOMBRE PERSONAL
Nombre de persona Niell Sureda, Conrado.
9 (RLIN) 85634
830 10 - PUNTO DE ACCESO ADICIONAL DE SERIE-TÍTULO UNIFORME
Título uniforme Galileo.
Nombre de parte o sección de la obra Biblioteca de la dirección de empresas
9 (RLIN) 186494
852 4# - LOCALIZACIÓN
Ubicación ES-MaACL
Número de control de estantería C-21578
852 4# - LOCALIZACIÓN
Ubicación ES-MaACL
Número de control de estantería E-8370
Holdings
Estatus retirado Estado de pérdida Estado de daño No para préstamo Biblioteca de origen Biblioteca actual Ubicación en estantería Fecha de adquisición Fuente de adquisición Total de préstamos Signatura topográfica completa Código de barras Visto por última vez Precio de reemplazo Tipo de ítem Koha
        Biblioteca del Ateneo de Madrid Biblioteca del Ateneo de Madrid Galería 24/11/2021     C-21578 1202737 23/02/2023 23/02/2023 Libro impreso
        Biblioteca del Ateneo de Madrid Biblioteca del Ateneo de Madrid Depósito 2 17/01/2008     E-8370 1125939 23/02/2023 23/02/2023 Libro impreso